El cocodrilo pintor (Registro nro. 181719)

Detalles MARC
000 -ENCABEZADO
Número de control [NR] 00869 a2200253 4500
005 - FECHA Y HORA DE LA ÚLTIMA TRANSACCIÓN
control field 20180312141942.0
008 - DE LONGITUD FIJA DE DATOS DE ELEMENTOS - INFORMACIÓN GENERAL
Elementos de longitud fija [NR] 131001s2002 sp a ar|||| 00| 0 spa d
020 ## - NUMERO INTERNACIONAL NORMALIZADO PARA LIBROS [R]
Número Internacional Normalizado del libro [NR] 8434861909
040 ## - FUENTE DE CATALOGACION [NR]
Agencia de catalogación original [NR] CO-BoUCM
Idioma de catalogación [NR] spa
Quien Cataloga Jose A. Gerena
Quien Clasifica Diana Londoño
041 00 - CODIGO DE IDIOMA [R]
Código de idioma para texto/pista de sonido o título separado [R] Español
100 1# - ASIENTO PRINCIPAL--NOMBRE PERSONAL [NR]
Nombre personal [NR] Velthuijs, Max
ID Autoridad 46945
245 13 - MENCION DE TITULO [NR]
Título [NR] El cocodrilo pintor
Mención de responsabilidad, etc. [NR] Max Velthuijs ; traducción de Paz Barroso
250 ## - MENCION DE EDICION [NR]
Mención de edición [NR] 6a Ed
260 ## - PUBLICACION, DISTRIBUCION, ETC. (PIE DE IMPRENTA) [R]
Fecha de publicación, distribución, etc. [R] 2002
Nombre del editor, distribuidor, etc. [R] SM
Lugar de publicación, distribución, etc. [R] Madrid (España)
300 ## - DESCRIPCION FISICA [R]
Extensión [R] 30 páginas
Otros detalles físicos [NR] ilustraciones a color
490 ## - MENCION DE SERIE [R]
Mención de serie [R] Los piratas
-- El barco de vapor
Designación numérica/secuencial del volumen [NR] 6
650 #7 - ASIENTO SECUNDARIO DE MATERIA - TERMINO TEMATICO [R]
9 (RLIN) 39826
Término temático o nombre geográfico como elemento de entrada [NR] Literatura infantil holandesa
650 #7 - ASIENTO SECUNDARIO DE MATERIA - TERMINO TEMATICO [R]
9 (RLIN) 9115
Término temático o nombre geográfico como elemento de entrada [NR] Animales en la literatura
690 ## - ASUNTO AGREGADO LOCAL DE ENTRADA - TÉRMINO TEMÁTICO (OCLC, RLIN)
9 (RLIN) 42863
Acceso temático local Literatura europea
700 1# - ASIENTO SECUNDARIO - NOMBRE PERSONAL [R]
Nombre personal [NR] Barroso, Paz
Término de relación [R] traductor
9 (RLIN) 46946
765 1# - ASIENTO DE IDIOMA ORIGINAL [R]
Título [NR] Cocodrile's masterpiece
942 ## - ELEMENTOS DE ENTRADA AGREGADOS (KOHA)
Tema principal Literatura
Tipo de ítem principal el descrito en 300a Libro
Edición 6
Parte restante de la signatura top. V445c
Sistema de clasificación DEWEY
Clasificación 838.3164
Título oculto en OPAC No
Existencias
Fecha de último préstamo Total préstamos Signatura topográfica Código de barras Última vez visto Volúmen / Fascículo Ejemplar Costo de reposición Price effective from Tipo de ítem Nota pública (OPAC) Perdido Sistema de clasificación Dañado No prestable Tipo de ítem específico Suprimido Ubicación habitual Ubicación actual Localización Fecha de creación Proveedor Forma de adquisición Costo
23/09/2022 3 838.3164 V445c 200027011 11/12/2025 9a.Ed. Ej.1 26000.00 02/08/2013 Libro Spot Literatura Infantil   DEWEY     Libro   Quinta de Mutis Quinta de Mutis Mezanecs 02/08/2013 12 Donación 0.00
08/04/2024 2 838.3164 V445c 200027012 11/12/2025 6a.Ed. Ej.1 26000.00 01/10/2013 Libro Spot Literatura Infantil   DEWEY     Libro   Quinta de Mutis Quinta de Mutis Mezanecs 01/10/2013   Donación